| 000 | 00813nab a2200241u 4500 | ||
|---|---|---|---|
| 001 | 17833 | ||
| 003 | HDC | ||
| 007 | c| |||a|c|aaaa | ||
| 008 | 210224b20140618my ||||| |||| 00| 0 may d | ||
| 040 | _aHDC | ||
| 100 |
_aAhmad Fiesal Othman / _eauthor _99014 |
||
| 245 | 0 |
_aSasar kedudukan lima teratas / _cAhmad Fiesal Othman |
|
| 336 |
_atext _2rdacontent |
||
| 337 |
_acomputer _2rdamedia |
||
| 338 |
_aonline resource _2rdacarrier |
||
| 650 |
_aFree Trade Agreement (FTA) _910364 |
||
| 650 |
_aMalaysia Productivity Corporation (MPC) _910187 |
||
| 710 | _aBERITA HARIAN | ||
| 856 | _zRequest full-text at [email protected] | ||
| 942 | _2lcc | ||
| 942 | _cNEWS | ||
| 942 | _kNWSC 005027 | ||
| 999 |
_c15149 _d15149 |
||